Alex's Artist to Song Quiz #4 - Statistics

General Stats
  • This quiz has been taken 26 times
  • The average score is 10 of 30
Answer Stats
Hint Answer % Correct
Hotel California (1977) The Eagles
86%
These Boots Are Made for Walkin' (1966) Nancy Sinatra
82%
Hollaback Girl (2005) Gwen Stefani
77%
Tik Tok (2009) Ke$ha
68%
Pinball Wizard (1969) The Who
68%
Song 2 (1997) Blur
59%
Band on the Run (1974) Paul McCartney and Wings
59%
White Rabbit (1967) Jefferson Airplane
55%
Crazy Train (1980) Ozzy Osbourne
55%
Big Poppa (1995) The Notorious B.I.G
50%
Video Killed the Radio Star (1979) The Buggles
45%
Tubthumping (1997) Chumbawumba
41%
Rock Your Body (2003) Justin Timberlake
41%
Lovefool (1996) The Cardigans
36%
Everybody Have Fun Tonight (1986) Wang Chung
32%
The Candy Man (1972) Sammy Davis Jr
27%
1985 (2004) Bowling for Soup
23%
Mona Lisa (1950) Nat King Cole
23%
The Motto (2011) Drake
18%
Walkin' After Midnight (1957) Patsy Cline
18%
7/11 (2014) Beyonce
14%
Atlantis (1968) Donovan
14%
Lump (1995) The Presidents of the United States of America
14%
All She Wants to Do Is Dance (1985) Don Henley
9%
Magic (1974) Pilot
9%
Opposite of Adults (2010) Chiddy Bang
5%
Never Let Me Down Again (1987) Depeche Mode
5%
Do You Believe in Love (1982) Huey Lewis and the News
5%
Innocent (2002) Our Lady Peace
5%
Living in the Sunlight (1968) Tiny Tim
5%
No matching quizzes found
Score Distribution
Percent of People with Each Score
Percentile by Number Answered
Your Score History
You have not taken this quiz